000 00300nam a22001337a 4500
082 _a823
_bJAI/S
100 _aJAIN, KULDEEP
245 _aSLEEPING BEAUTY
246 _aSLEEPING BEAUTY
_bSLEEPING BEAUTY
260 _aNEW DELHI
_bPEGASUS
_c2025
300 _a16
650 _aENGLISH STORY
942 _cBK
999 _c9155
_d9155